Chiesa e omosessualità : un matrimonio imperfetto /

Uloženo v:
Podrobná bibliografie
Hlavní autor: Di Cesare, Domenico, (1966- ) (Autor)
Médium: Kniha
Jazyk:italština
Vydáno: Rieti : Amarganta, 2016
Tagy: Přidat tag
Žádné tagy, Buďte první, kdo vytvoří štítek k tomuto záznamu!

MARC

LEADER 00000nam a22000007i 4500
001 IT\ICCU\RMS\2788867
003 ItRI
005 20240201154816.0
008 170103s2016 it |||||| ||||| |||||c
020 |a 9788899344399 
040 |b ita  |c C 
041 7 |a ita  |2 ISO-639-2 
100 1 |a Di Cesare, Domenico,  |d  (1966- )  |0 IT\ICCU\CFIV\179320  |4 aut 
245 1 0 |a Chiesa e omosessualità :  |b un matrimonio imperfetto /  |c Domenico Di Cesare. 
260 |a Rieti :  |b Amarganta,  |c 2016 
300 |a 135 p. ;  |c  23 cm 
942 |2 ddc  |c BK 
952 |0 0  |1 0  |2 ddc  |4 0  |6 306_766000000000000_DIC_CHI  |7 0  |9 592  |a RI  |b RI  |d 2024-02-01  |l 0  |o 306.766 DIC CHI  |p 1178  |r 2024-02-01 15:48:47  |w 2024-02-01  |y BK 
981 1 |6 z01  |a i   |b xxxe  
982 1 |6 z01  |a n 
999 |c 532  |d 532